Comparing street demonstration (Record no. 106007)

000 -LEADER
fixed length control field 00482pab a2200193 454500
008 - FIXED-LENGTH DATA ELEMENTS--GENERAL INFORMATION
fixed length control field 180718b2014 xxu||||| |||| 00| 0 eng d
100 ## - MAIN ENTRY--PERSONAL NAME
Personal name Klandermans, Bert
245 ## - TITLE STATEMENT
Title Comparing street demonstration
260 ## - PUBLICATION, DISTRIBUTION, ETC.
Date of publication, distribution, etc. 2014
300 ## - PHYSICAL DESCRIPTION
Extent p.493-50.
362 ## - DATES OF PUBLICATION AND/OR SEQUENTIAL DESIGNATION
Dates of publication and/or sequential designation Nov
650 ## - SUBJECT ADDED ENTRY--TOPICAL TERM
Topical term or geographic name entry element Demonstrations
650 ## - SUBJECT ADDED ENTRY--TOPICAL TERM
Topical term or geographic name entry element Protest movements
700 ## - ADDED ENTRY--PERSONAL NAME
Personal name Walgrave, Stefaan
700 ## - ADDED ENTRY--PERSONAL NAME
Personal name Stekelenburg, Jacquelien van
773 ## - HOST ITEM ENTRY
Main entry heading International Sociology
908 ## - PUT COMMAND PARAMETER (RLIN)
Put command parameter N
909 ## -
-- 106012
Holdings
Withdrawn status Lost status Damaged status Not for loan Permanent Location Current Location Date acquired Serial Enumeration / chronology Barcode Date last seen Price effective from Koha item type
        Indian Institute of Public Administration Indian Institute of Public Administration 2018-07-19 Volume no: 29, Issue no: 6 AR106472 2018-07-19 2018-07-19 Articles

Powered by Koha